[Event "EU-ch blitz"]
[Site "Katowice"]
[Date "2017.12.15"]
[Round "12"]
[White "Dvirnyy, Danyyil"]
[Black "Ponomariov, Ruslan"]
[Result "0-1"]
[WhiteElo "2532"]
[BlackElo "2694"]
[PlyCount "226"]
[EventDate "2017.12.15"]
[EventType "swiss (blitz)"]
[EventRounds "22"]
[EventCountry "POL"]
[SourceTitle "CBM 182 Extra"]
[Source "ChessBase"]
[SourceDate "2018.02.23"]
[SourceVersion "1"]
[SourceVersionDate "2018.02.23"]
[SourceQuality "1"]

1. d4 Nf6 2. c4 e6 3. Nc3 Bb4 4. Qc2 O-O 5. Nf3 d5 6. cxd5 exd5 7. Bg5 h6 8.
Bh4 c5 9. dxc5 Be6 10. a3 Bxc5 11. Rd1 Bb6 12. e4 g5 13. Nxg5 hxg5 14. Bxg5
Nbd7 15. exd5 Bg4 16. Be2 Bxe2 17. Nxe2 Bxf2+ 18. Kf1 Qb6 19. Qf5 Bc5 20. Bh6
Nh7 21. Bxf8 Ndxf8 22. h4 Qxb2 23. Rh3 Re8 24. Rg3+ Kh8 25. Re1 Qf6 26. Rf3
Qxf5 27. Rxf5 Kg7 28. Rb1 b6 29. Rb3 Nd7 30. Rg3+ Kf8 31. Rgf3 Re7 32. Nf4 Nhf6
33. g4 Kg8 34. Kg2 Ne4 35. Nh5 Nd6 36. Rg5+ Kf8 37. Nf4 Re1 38. h5 Ne4 39. Rf5
Kg7 40. g5 Nd6 41. h6+ Kg8 42. Nd3 Nxf5 43. Rxf5 Re2+ 44. Kf1 Re7 45. a4 Bd6
46. Rf2 Kh7 47. Rc2 Nc5 48. Nb4 Kg6 49. Nc6 Re4 50. Nxa7 Rxa4 51. Nc8 Bf4 52.
Nxb6 Ra1+ 53. Ke2 Rc1 54. Ra2 Bxg5 55. d6 Kxh6 56. d7 Ne6 57. Nd5 Rc5 58. Nb4
Kg7 59. Ra8 Bd8 60. Ke3 Kf6 61. Kd3 Ke7 62. Ra7 Bc7 63. Ke3 Kxd7 64. Na6 Rc1
65. Kd2 Rc4 66. Kd3 Rc6 67. Nb8+ Kd6 68. Nxc6 Kxc6 69. Ra6+ Kd7 70. Ke3 Ke7 71.
Rc6 Kf6 72. Ke4 Bh2 73. Rb6 Kg5 74. Rb2 Bc7 75. Rg2+ Kf6 76. Rf2+ Kg6 77. Kd5
Ng5 78. Rc2 Bg3 79. Rg2 Bf4 80. Rf2 Kf5 81. Rf1 f6 82. Kd4 Nf7 83. Kd3 Ne5+ 84.
Ke2 Kg5 85. Rg1+ Kf5 86. Rf1 Ke4 87. Ra1 Bg5 88. Ra4+ Kd5 89. Ra5+ Ke6 90. Ra6+
Kf5 91. Ra4 Kg6 92. Ra6 Kh5 93. Ra5 Kg4 94. Rb5 Bf4 95. Rb8 f5 96. Re8 Nf3 97.
Rg8+ Ng5 98. Rf8 Bg3 99. Rg8 Kf4 100. Ra8 Ne4 101. Ra3 Bh4 102. Rf3+ Kg4 103.
Re3 Ng3+ 104. Kf2 f4 105. Ra3 Be7 106. Rb3 Ne4+ 107. Kg2 Ng5 108. Rb7 f3+ 109.
Kf1 Bc5 110. Rb5 Ne4 111. Rb2 Kg3 112. Rc2 Be3 113. Ke1 Nd2 0-1

[Event "EU-ch blitz"]
[Site "Katowice"]
[Date "2017.12.15"]
[Round "13"]
[White "Moranda, Wojciech"]
[Black "Ponomariov, Ruslan"]
[Result "0-1"]
[WhiteElo "2593"]
[BlackElo "2694"]
[PlyCount "100"]
[EventDate "2017.12.15"]
[EventType "swiss (blitz)"]
[EventRounds "22"]
[EventCountry "POL"]
[SourceTitle "CBM 182 Extra"]
[Source "ChessBase"]
[SourceDate "2018.02.23"]
[SourceVersion "1"]
[SourceVersionDate "2018.02.23"]
[SourceQuality "1"]

1. d4 Nf6 2. c4 e6 3. Nc3 Bb4 4. Nf3 c5 5. g3 Nc6 6. Bg2 Ne4 7. Bd2 Nxd2 8.
Qxd2 cxd4 9. Nxd4 O-O 10. O-O Ne5 11. b3 a6 12. a3 Be7 13. Nf3 Qc7 14. Rfd1
Nxf3+ 15. Bxf3 Rd8 16. a4 d6 17. Ra2 Bd7 18. a5 Bc6 19. Bg2 Rac8 20. Na4 Bxg2
21. Kxg2 Qc6+ 22. f3 h6 23. Nb6 Rc7 24. Qe3 Bg5 25. Qd3 Qc5 26. e4 Bf6 27. Qd2
g5 28. b4 Qc6 29. h3 Kg7 30. Rc2 Be5 31. Qe3 Bf6 32. Rcd2 Be7 33. e5 Kg8 34.
Qe4 Bf8 35. Qxc6 Rxc6 36. exd6 Rcxd6 37. Rxd6 Rxd6 38. Rxd6 Bxd6 39. c5 Bc7 40.
Nd7 f5 41. g4 Kf7 42. Kf1 Ke7 43. Nb6 Be5 44. Na4 Kd7 45. Ke2 Kc6 46. Kd3 Kb5
47. Nb6 Kxb4 48. Nd7 Bg7 49. c6 bxc6 50. Nb8 Kb5 0-1

[Event "EU-ch blitz"]
[Site "Katowice"]
[Date "2017.12.15"]
[Round "14"]
[White "Ponomariov, Ruslan"]
[Black "Moranda, Wojciech"]
[Result "0-1"]
[WhiteElo "2694"]
[BlackElo "2593"]
[PlyCount "62"]
[EventDate "2017.12.15"]
[EventType "swiss (blitz)"]
[EventRounds "22"]
[EventCountry "POL"]
[SourceTitle "CBM 182 Extra"]
[Source "ChessBase"]
[SourceDate "2018.02.23"]
[SourceVersion "1"]
[SourceVersionDate "2018.02.23"]
[SourceQuality "1"]

1. e4 c5 2. Nf3 d6 3. d4 cxd4 4. Nxd4 Nf6 5. Nc3 a6 6. Be3 e6 7. Be2 Nbd7 8. g4
h6 9. f4 g5 10. f5 Ne5 11. h4 gxh4 12. g5 hxg5 13. Bxg5 Be7 14. Qd2 b5 15. a3
Nh5 16. Bxe7 Qxe7 17. Bxh5 Rxh5 18. O-O-O Bb7 19. Qf4 O-O-O 20. f6 Qc7 21. Rh3
Qb6 22. Kb1 Kb8 23. b3 Rg8 24. Kb2 Rg4 25. Qd2 Bxe4 26. Nce2 Bg2 27. Rc3 h3 28.
Nf4 Rh8 29. Qe3 Kb7 30. Nxg2 hxg2 31. Qf2 Rh1 0-1

[Event "EU-ch blitz"]
[Site "Katowice"]
[Date "2017.12.15"]
[Round "17"]
[White "Wiewiora, Eneasz"]
[Black "Ponomariov, Ruslan"]
[Result "0-1"]
[WhiteElo "2320"]
[BlackElo "2694"]
[PlyCount "42"]
[EventDate "2017.12.15"]
[EventType "swiss (blitz)"]
[EventRounds "22"]
[EventCountry "POL"]
[SourceTitle "CBM 182 Extra"]
[Source "ChessBase"]
[SourceDate "2018.02.23"]
[SourceVersion "1"]
[SourceVersionDate "2018.02.23"]
[SourceQuality "1"]

1. e4 d6 2. d4 Nf6 3. Nc3 g6 4. f4 Bg7 5. Nf3 O-O 6. Bd3 Nc6 7. e5 dxe5 8. dxe5
Nd5 9. Nxd5 Qxd5 10. Qe2 Bg4 11. Be4 Qa5+ 12. c3 Nd4 13. Qf2 Bxf3 14. Qxd4 Rad8
15. Qe3 Rd1+ 16. Kf2 Rxh1 17. Bxf3 c6 18. c4 Rd8 19. b3 e6 20. a4 Bf8 21. Ra2
Bc5 0-1

[Event "EU-ch blitz"]
[Site "Katowice"]
[Date "2017.12.15"]
[Round "18"]
[White "Ponomariov, Ruslan"]
[Black "Wiewiora, Eneasz"]
[Result "1-0"]
[WhiteElo "2694"]
[BlackElo "2320"]
[PlyCount "109"]
[EventDate "2017.12.15"]
[EventType "swiss (blitz)"]
[EventRounds "22"]
[EventCountry "POL"]
[SourceTitle "CBM 182 Extra"]
[Source "ChessBase"]
[SourceDate "2018.02.23"]
[SourceVersion "1"]
[SourceVersionDate "2018.02.23"]
[SourceQuality "1"]

1. e4 d6 2. d4 Nf6 3. Nc3 e5 4. Nge2 Be7 5. g3 c6 6. Bg2 b5 7. a3 O-O 8. h3 a5
9. Be3 Ba6 10. f4 Nbd7 11. O-O b4 12. Na4 Qc7 13. Rf2 Rfe8 14. g4 Bb5 15. b3
exd4 16. Nxd4 Bf8 17. axb4 axb4 18. e5 Bxa4 19. bxa4 dxe5 20. Nxc6 e4 21. Ne5
Nxe5 22. fxe5 Qxe5 23. Qd4 Bd6 24. Rf5 Qh2+ 25. Kf1 Be5 26. Qd1 Bxa1 27. Bf4 e3
28. Bxh2 e2+ 29. Qxe2 Rxe2 30. Kxe2 Rxa4 31. g5 Nh5 32. Rb5 g6 33. Bd5 Ra7 34.
Rxb4 Re7+ 35. Kd3 Kg7 36. c4 Be5 37. Bxe5+ Rxe5 38. h4 Re1 39. Rb7 Nf4+ 40. Kd4
Rd1+ 41. Ke5 Nd3+ 42. Kd6 Rf1 43. c5 Nxc5 44. Kxc5 h6 45. Kd6 hxg5 46. hxg5 Rf5
47. Rxf7+ Rxf7 48. Bxf7 Kxf7 49. Kd7 Kf8 50. Ke6 Ke8 51. Kf6 Kf8 52. Kxg6 Kg8
53. Kf6 Kf8 54. g6 Kg8 55. g7 1-0

[Event "EU-ch blitz"]
[Site "Katowice"]
[Date "2017.12.15"]
[Round "19"]
[White "Ponomariov, Ruslan"]
[Black "Sammalvuo, Tapani"]
[Result "1-0"]
[WhiteElo "2694"]
[BlackElo "2416"]
[PlyCount "71"]
[EventDate "2017.12.15"]
[EventType "swiss (blitz)"]
[EventRounds "22"]
[EventCountry "POL"]
[SourceTitle "CBM 182 Extra"]
[Source "ChessBase"]
[SourceDate "2018.02.23"]
[SourceVersion "1"]
[SourceVersionDate "2018.02.23"]
[SourceQuality "1"]

1. e4 e5 2. Nf3 Nc6 3. Bc4 Bc5 4. c3 Nf6 5. d3 d6 6. Nbd2 h6 7. Bb3 O-O 8. h3
d5 9. Qe2 Be6 10. g4 dxe4 11. dxe4 Bxb3 12. axb3 Nd7 13. b4 Be7 14. Nc4 Bf6 15.
h4 b5 16. Ne3 a6 17. g5 Be7 18. gxh6 g6 19. h5 Kh7 20. hxg6+ fxg6 21. Nd5 Bf6
22. Be3 Nb6 23. Bxb6 cxb6 24. Rd1 Ra7 25. Qe3 Rd7 26. Ke2 Kh8 27. Nxf6 Rxd1 28.
Rxd1 Qxf6 29. Ng5 a5 30. bxa5 Nxa5 31. Rd7 Nc4 32. Rh7+ Kg8 33. Rg7+ Kh8 34.
Qf3 Qd8 35. Qxf8+ Qxf8 36. Nf7+ 1-0

[Event "EU-ch blitz"]
[Site "Katowice"]
[Date "2017.12.15"]
[Round "20"]
[White "Sammalvuo, Tapani"]
[Black "Ponomariov, Ruslan"]
[Result "1/2-1/2"]
[WhiteElo "2416"]
[BlackElo "2694"]
[PlyCount "66"]
[EventDate "2017.12.15"]
[EventType "swiss (blitz)"]
[EventRounds "22"]
[EventCountry "POL"]
[SourceTitle "CBM 182 Extra"]
[Source "ChessBase"]
[SourceDate "2018.02.23"]
[SourceVersion "1"]
[SourceVersionDate "2018.02.23"]
[SourceQuality "1"]

1. d4 Nf6 2. c4 g6 3. Nc3 d5 4. Bg5 c5 5. Bxf6 exf6 6. cxd5 Qb6 7. e3 Qxb2 8.
Bb5+ Bd7 9. Bxd7+ Nxd7 10. Nge2 cxd4 11. Rb1 Qa3 12. Qxd4 Qa6 13. Nb5 Qa5+ 14.
Nec3 a6 15. Qe4+ Kd8 16. O-O axb5 17. Nxb5 Qa4 18. Nd4 Nc5 19. Qf4 Qa6 20. Nc6+
bxc6 21. Qxf6+ Ke8 22. Qe5+ Ne6 23. dxe6 Rg8 24. Rb8+ Rxb8 25. Qxb8+ Ke7 26.
exf7 Kxf7 27. Rd1 Be7 28. Qf4+ Ke8 29. Qb8+ Kf7 30. Qf4+ Kg7 31. Qe5+ Kf7 32.
Qf4+ Ke8 33. Qb8+ Kf7 1/2-1/2

[Event "EU-ch blitz"]
[Site "Katowice"]
[Date "2017.12.15"]
[Round "21"]
[White "Tomczak, Jacek"]
[Black "Ponomariov, Ruslan"]
[Result "1-0"]
[WhiteElo "2588"]
[BlackElo "2694"]
[PlyCount "75"]
[EventDate "2017.12.15"]
[EventType "swiss (blitz)"]
[EventRounds "22"]
[EventCountry "POL"]
[SourceTitle "CBM 182 Extra"]
[Source "ChessBase"]
[SourceDate "2018.02.23"]
[SourceVersion "1"]
[SourceVersionDate "2018.02.23"]
[SourceQuality "1"]

1. e4 d6 2. d4 Nf6 3. Nc3 g6 4. Bg5 Bg7 5. Qd2 O-O 6. O-O-O Nc6 7. Nge2 e5 8.
d5 Ne7 9. f3 a6 10. g4 b5 11. Ng3 Ne8 12. h4 f6 13. Bh6 b4 14. Nce2 a5 15. Bh3
Bd7 16. Rdg1 Rf7 17. Bxg7 Kxg7 18. f4 c6 19. f5 Kh8 20. fxg6 Nxg6 21. g5 cxd5
22. Bxd7 Qxd7 23. h5 Nf4 24. g6 Rg7 25. Nxf4 exf4 26. Qxf4 Qe6 27. exd5 Qe5 28.
Qxe5 fxe5 29. Nf5 Rg8 30. Rg3 Ra7 31. Rhg1 Ng7 32. Nxd6 Nxh5 33. Nf7+ Kg7 34.
gxh7+ Kxh7 35. Rxg8 Rxf7 36. R8g5 Kh6 37. Rxe5 Nf4 38. Kd2 1-0

[Event "EU-ch blitz"]
[Site "Katowice"]
[Date "2017.12.15"]
[Round "22"]
[White "Ponomariov, Ruslan"]
[Black "Tomczak, Jacek"]
[Result "1/2-1/2"]
[WhiteElo "2694"]
[BlackElo "2588"]
[PlyCount "148"]
[EventDate "2017.12.15"]
[EventType "swiss (blitz)"]
[EventRounds "22"]
[EventCountry "POL"]
[SourceTitle "CBM 182 Extra"]
[Source "ChessBase"]
[SourceDate "2018.02.23"]
[SourceVersion "1"]
[SourceVersionDate "2018.02.23"]
[SourceQuality "1"]

1. e4 e6 2. d4 d5 3. Nc3 Nf6 4. e5 Nfd7 5. f4 c5 6. Nf3 Be7 7. Ne2 Qb6 8. c3 f6
9. a3 O-O 10. h4 Nc6 11. Rh3 Na5 12. b4 cxb4 13. axb4 Nc4 14. Ng3 Qc7 15. Bd3
fxe5 16. fxe5 Ncxe5 17. Bxh7+ Kxh7 18. dxe5 Nxe5 19. Ng5+ Kg8 20. Qc2 g6 21. h5
Qc4 22. Ne2 d4 23. Qe4 d3 24. Qxe5 dxe2 25. Rf3 Rxf3 26. Nxf3 Qd5 27. Qxd5 exd5
28. hxg6 Kg7 29. Kxe2 Kxg6 30. Be3 a6 31. Ne5+ Kf5 32. Bd4 Bf6 33. Rf1+ Ke6 34.
Nc6 Bxd4 35. Nxd4+ Ke7 36. Ke3 Bd7 37. Rh1 Rg8 38. Kf2 Rf8+ 39. Ke3 Rg8 40.
Rh7+ Kd6 41. Rh6+ Ke7 42. Rb6 Bc8 43. Kf3 Rf8+ 44. Ke3 Rg8 45. Kf2 Rf8+ 46. Nf3
Rf4 47. Ke3 Rc4 48. Kd2 Rg4 49. Ne1 Kd7 50. Rf6 Kc7 51. Rf2 Bd7 52. Nc2 Be8 53.
Ne3 Rg5 54. Rf5 Rxf5 55. Nxf5 b6 56. g4 Kd7 57. Nd4 Kd6 58. Ke3 a5 59. Kf4 a4
60. Nc2 Bg6 61. Na3 Bd3 62. Ke3 Bf1 63. Kd4 Ke6 64. g5 Bg2 65. c4 dxc4 66. Nxc4
b5 67. Na3 Bf1 68. Ke4 Kf7 69. Kf5 Bd3+ 70. Ke5 Kg6 71. Kd4 Bf1 72. Kc3 Kxg5
73. Kb2 Kf4 74. Nxb5 Bxb5 1/2-1/2

[Event "EU-ch rapid"]
[Site "Katowice"]
[Date "2017.12.16"]
[Round "1"]
[White "Ponomariov, Ruslan"]
[Black "Luscenkovs, Artjoms"]
[Result "1-0"]
[WhiteElo "2694"]
[BlackElo "1772"]
[PlyCount "53"]
[EventDate "2017.12.16"]
[EventType "swiss (rapid)"]
[EventRounds "11"]
[EventCountry "POL"]
[SourceTitle "CBM 182 Extra"]
[Source "ChessBase"]
[SourceDate "2018.02.23"]
[SourceVersion "1"]
[SourceVersionDate "2018.02.23"]
[SourceQuality "1"]

1. e4 c5 2. Nf3 e6 3. d4 cxd4 4. Nxd4 a6 5. Bd3 Qc7 6. Nc3 Nf6 7. Qe2 d6 8. f4
Nbd7 9. g4 Nc5 10. g5 Nxd3+ 11. cxd3 Nd7 12. Be3 Be7 13. Rc1 Qa5 14. h4 O-O 15.
a3 Qd8 16. O-O Nb8 17. f5 exf5 18. exf5 Re8 19. f6 Bf8 20. fxg7 Bxg7 21. Qf3
Rf8 22. Nd5 Nd7 23. Nf5 Ne5 24. Qe4 Bxf5 25. Qxf5 Rc8 26. Rxc8 Qxc8 27. Ne7+
1-0

[Event "EU-ch rapid"]
[Site "Katowice"]
[Date "2017.12.16"]
[Round "2"]
[White "Smieszek, Wojciech"]
[Black "Ponomariov, Ruslan"]
[Result "0-1"]
[WhiteElo "2185"]
[BlackElo "2694"]
[PlyCount "62"]
[EventDate "2017.12.16"]
[EventType "swiss (rapid)"]
[EventRounds "11"]
[EventCountry "POL"]
[SourceTitle "CBM 182 Extra"]
[Source "ChessBase"]
[SourceDate "2018.02.23"]
[SourceVersion "1"]
[SourceVersionDate "2018.02.23"]
[SourceQuality "1"]

1. e4 d6 2. d4 Nf6 3. Nc3 g6 4. Be3 Bg7 5. f3 c6 6. Qd2 b5 7. h4 h5 8. Nh3 Bxh3
9. Rxh3 Nbd7 10. Bd3 O-O 11. Ne2 e5 12. d5 cxd5 13. Bxb5 d4 14. Bg5 Qb6 15.
Bxd7 Qxb2 16. Rc1 Nxd7 17. g4 hxg4 18. fxg4 Nc5 19. Ng3 Ne6 20. h5 Rfc8 21. h6
Bh8 22. h7+ Kf8 23. Bh6+ Ke8 24. Ne2 Qb7 25. Ng3 Rc3 26. Qe2 Rac8 27. Kd1 Nf4
28. Bxf4 exf4 29. Nf5 gxf5 30. exf5+ Re3 31. Rxe3+ dxe3 0-1

[Event "EU-ch rapid"]
[Site "Katowice"]
[Date "2017.12.16"]
[Round "3"]
[White "Ponomariov, Ruslan"]
[Black "Stauskas, Lukas"]
[Result "1-0"]
[WhiteElo "2694"]
[BlackElo "2349"]
[PlyCount "35"]
[EventDate "2017.12.16"]
[EventType "swiss (rapid)"]
[EventRounds "11"]
[EventCountry "POL"]
[SourceTitle "CBM 182 Extra"]
[Source "ChessBase"]
[SourceDate "2018.02.23"]
[SourceVersion "1"]
[SourceVersionDate "2018.02.23"]
[SourceQuality "1"]

1. e4 c5 2. Nf3 d6 3. d4 cxd4 4. Nxd4 Nf6 5. Nc3 a6 6. Be3 e6 7. Be2 Be7 8. Qd2
b5 9. Bf3 b4 10. Na4 d5 11. exd5 Nxd5 12. Nf5 Bb7 13. Nxg7+ Kf8 14. Bh6 Kg8 15.
Nh5 f6 16. Nf4 Qa5 17. Nxd5 exd5 18. Nb6 1-0

[Event "EU-ch rapid"]
[Site "Katowice"]
[Date "2017.12.16"]
[Round "4"]
[White "Licznerski, Lukasz"]
[Black "Ponomariov, Ruslan"]
[Result "0-1"]
[WhiteElo "2267"]
[BlackElo "2694"]
[PlyCount "134"]
[EventDate "2017.12.16"]
[EventType "swiss (rapid)"]
[EventRounds "11"]
[EventCountry "POL"]
[SourceTitle "CBM 182 Extra"]
[Source "ChessBase"]
[SourceDate "2018.02.23"]
[SourceVersion "1"]
[SourceVersionDate "2018.02.23"]
[SourceQuality "1"]

1. e4 d6 2. d4 Nf6 3. Nc3 g6 4. Nf3 Bg7 5. Bc4 O-O 6. h3 Nxe4 7. Nxe4 d5 8. Bd3
dxe4 9. Bxe4 c5 10. dxc5 Qa5+ 11. c3 Qxc5 12. O-O Nd7 13. Be3 Qc7 14. Nd4 a6
15. Qe2 Nf6 16. Bc2 b6 17. Nf3 Bb7 18. Bd4 e6 19. Rfd1 Rfd8 20. Be5 Qc6 21.
Rxd8+ Rxd8 22. Rd1 Rxd1+ 23. Qxd1 Nd7 24. Bxg7 Kxg7 25. Qd4+ e5 26. Qh4 Nf6 27.
Qg3 e4 28. Nd4 Qc5 29. Qb8 Bd5 30. Bb3 Bxb3 31. axb3 a5 32. Qd8 h5 33. Kh1 Qg5
34. Ne2 Qb5 35. Qd1 Qd3 36. Qe1 Qc2 37. Nd4 Qxb2 38. Qe3 Qb1+ 39. Kh2 Qd3 40.
Nf5+ gxf5 41. Qg5+ Kf8 42. Qxf6 Qd5 43. Qxb6 Qe5+ 44. Kh1 f4 45. Qd8+ Kg7 46.
Qd2 e3 47. Qe2 Kg6 48. c4 f5 49. Kg1 Qa1+ 50. Kh2 Qd4 51. fxe3 fxe3 52. Qf3 h4
53. Qc6+ Kg5 54. Qe6 Kf4 55. Qe7 Qe4 56. Qxh4+ Ke5 57. Qh8+ Kd6 58. Qd8+ Kc5
59. Qxa5+ Kd4 60. Qa1+ Kd3 61. Qd1+ Kc3 62. c5 e2 63. Qe1+ Kd3 64. b4 Qe5+ 65.
Kh1 Qc3 66. Qg3+ Kc4 67. Qf4+ Kb3 0-1

[Event "EU-ch rapid"]
[Site "Katowice"]
[Date "2017.12.16"]
[Round "5"]
[White "Ponomariov, Ruslan"]
[Black "Castellanos Rodriguez, Renier"]
[Result "1/2-1/2"]
[WhiteElo "2694"]
[BlackElo "2501"]
[PlyCount "87"]
[EventDate "2017.12.16"]
[EventType "swiss (rapid)"]
[EventRounds "11"]
[EventCountry "POL"]
[SourceTitle "CBM 182 Extra"]
[Source "ChessBase"]
[SourceDate "2018.02.23"]
[SourceVersion "1"]
[SourceVersionDate "2018.02.23"]
[SourceQuality "1"]

1. e4 c5 2. Nf3 e6 3. d4 cxd4 4. Nxd4 a6 5. Bd3 Bc5 6. Nb3 Be7 7. Qg4 g6 8. Qe2
d6 9. Be3 Nc6 10. N1d2 Nf6 11. f4 Nb4 12. g4 O-O 13. a3 Nxd3+ 14. cxd3 b5 15.
Rg1 Bb7 16. h4 e5 17. f5 d5 18. Nc5 Bc6 19. Rc1 Rc8 20. b4 a5 21. h5 axb4 22.
axb4 dxe4 23. dxe4 gxf5 24. gxf5+ Kh8 25. Kf2 Qd6 26. Rcd1 Rg8 27. Nf3 Qc7 28.
Nd2 Rcd8 29. Rxg8+ Rxg8 30. Rg1 Qd8 31. h6 Rxg1 32. Kxg1 Qg8+ 33. Kf1 Qg4 34.
Qf3 Qh4 35. Ke2 Bxc5 36. Bxc5 Nxe4 37. Nxe4 Qxe4+ 38. Qxe4 Bxe4 39. f6 Bd5 40.
Ke3 Kg8 41. Bd6 Bc4 42. Ke4 Bf1 43. Kxe5 Bc4 44. Ke4 1/2-1/2

[Event "EU-ch rapid"]
[Site "Katowice"]
[Date "2017.12.16"]
[Round "6"]
[White "Tregubov, Pavel V"]
[Black "Ponomariov, Ruslan"]
[Result "0-1"]
[WhiteElo "2575"]
[BlackElo "2694"]
[PlyCount "102"]
[EventDate "2017.12.16"]
[EventType "swiss (rapid)"]
[EventRounds "11"]
[EventCountry "POL"]
[SourceTitle "CBM 182 Extra"]
[Source "ChessBase"]
[SourceDate "2018.02.23"]
[SourceVersion "1"]
[SourceVersionDate "2018.02.23"]
[SourceQuality "1"]

1. d4 d5 2. c4 dxc4 3. e3 e5 4. Bxc4 Nc6 5. d5 Na5 6. Be2 c6 7. e4 Nf6 8. Nc3
Bb4 9. Bg5 O-O 10. Nf3 cxd5 11. Bxf6 Qxf6 12. Qxd5 Bg4 13. Qxe5 Qxe5 14. Nxe5
Bxe2 15. Kxe2 Bxc3 16. bxc3 Rfe8 17. Nf3 Rxe4+ 18. Kd3 Ra4 19. Rhe1 Rd8+ 20.
Kc2 Kf8 21. Nd2 Nc6 22. Re2 Rd5 23. Kb2 g6 24. Nb3 Ne5 25. Rb1 Nd3+ 26. Ka1 Nf4
27. Rc2 Nxg2 28. c4 Re5 29. c5 Nf4 30. Nc1 Ne6 31. Rxb7 Rxc5 32. Rxc5 Nxc5 33.
Rc7 Ne6 34. Rb7 Kg7 35. Kb2 Kf6 36. Nd3 Rd4 37. Nb4 a5 38. Nc6 Rd2+ 39. Kb1
Rxf2 40. Nxa5 Rxh2 41. Nc4 Nc5 42. Rb6+ Kg7 43. Rc6 Na4 44. Nd6 Rb2+ 45. Ka1
Rb6 46. Ne8+ Kf8 47. Rc8 Ke7 48. Ng7 h5 49. Rc4 Ra6 50. Re4+ Kf8 51. Ne8 Nc3
0-1

[Event "EU-ch rapid"]
[Site "Katowice"]
[Date "2017.12.17"]
[Round "7"]
[White "Ponomariov, Ruslan"]
[Black "Andriasian, Zaven"]
[Result "1-0"]
[WhiteElo "2694"]
[BlackElo "2585"]
[PlyCount "73"]
[EventDate "2017.12.16"]
[EventType "swiss (rapid)"]
[EventRounds "11"]
[EventCountry "POL"]
[SourceTitle "CBM 182 Extra"]
[Source "ChessBase"]
[SourceDate "2018.02.23"]
[SourceVersion "1"]
[SourceVersionDate "2018.02.23"]
[SourceQuality "1"]

1. e4 c5 2. Nf3 d6 3. d4 cxd4 4. Nxd4 Nf6 5. Nc3 a6 6. f3 e5 7. Nb3 Be7 8. Be3
Be6 9. Qd2 h5 10. Be2 Nbd7 11. Nd5 Bxd5 12. exd5 h4 13. c4 Nh5 14. O-O-O a5 15.
Kb1 a4 16. Na1 a3 17. b4 O-O 18. Nb3 Nf4 19. Bf1 Nb6 20. g3 Ng6 21. c5 Na4 22.
Rc1 f5 23. Bb5 f4 24. gxf4 exf4 25. Bf2 Ne5 26. c6 bxc6 27. dxc6 Kh8 28. c7 Qc8
29. Qd5 Bf6 30. Rc2 Nb2 31. Rhc1 Qh3 32. Ba6 Rxa6 33. c8=Q Rxc8 34. Rxc8+ Kh7
35. Qg8+ Kg6 36. Rg1+ Kf5 37. Nd4# 1-0

[Event "EU-ch rapid"]
[Site "Katowice"]
[Date "2017.12.17"]
[Round "8"]
[White "Ragger, Markus"]
[Black "Ponomariov, Ruslan"]
[Result "1/2-1/2"]
[WhiteElo "2657"]
[BlackElo "2694"]
[PlyCount "127"]
[EventDate "2017.12.16"]
[EventType "swiss (rapid)"]
[EventRounds "11"]
[EventCountry "POL"]
[SourceTitle "CBM 182 Extra"]
[Source "ChessBase"]
[SourceDate "2018.02.23"]
[SourceVersion "1"]
[SourceVersionDate "2018.02.23"]
[SourceQuality "1"]

1. e4 d6 2. d4 Nf6 3. Bd3 Nc6 4. c3 g6 5. Nf3 Bg7 6. O-O O-O 7. Re1 e5 8. h3
Re8 9. d5 Nb8 10. c4 a5 11. Nc3 Na6 12. a3 Bd7 13. Bc2 Nh5 14. Rb1 Nf4 15. b4
axb4 16. axb4 Qf6 17. Be3 g5 18. Nh2 Bf8 19. Ba4 Bxa4 20. Nxa4 Qg6 21. Nc3 Be7
22. Nf1 f5 23. Ng3 fxe4 24. Ncxe4 Nb8 25. Qg4 Rf8 26. Bxf4 gxf4 27. Ne2 Qxg4
28. hxg4 Nd7 29. N2c3 Rfc8 30. Ra1 Kf7 31. Kf1 c6 32. Rxa8 Rxa8 33. Rd1 Rc8 34.
dxc6 Rxc6 35. c5 Ke6 36. b5 Rxc5 37. Nxc5+ Nxc5 38. Ke2 h6 39. Kf3 Nb3 40. Nd5
Bd8 41. b6 Nc5 42. g3 fxg3 43. Kxg3 Bg5 44. f4 exf4+ 45. Nxf4+ Kd7 46. Nd5 Kc6
47. Kf3 Nb3 48. Nb4+ Kxb6 49. Ke4 Kc5 50. Nd3+ Kc4 51. Nb2+ Kc3 52. Na4+ Kb4
53. Nb2 Nd2+ 54. Kd5 Kb3 55. Nd3 Kc2 56. Nf2 Be3 57. Rh1 Bxf2 58. Rxh6 Be3 59.
Rxd6 b5 60. g5 Bxg5 61. Rb6 Nb1 62. Rxb5 Nc3+ 63. Kc4 Nxb5 64. Kxb5 1/2-1/2

[Event "EU-ch rapid"]
[Site "Katowice"]
[Date "2017.12.17"]
[Round "9"]
[White "Ponomariov, Ruslan"]
[Black "Wojtaszek, Radoslaw"]
[Result "1/2-1/2"]
[WhiteElo "2694"]
[BlackElo "2736"]
[PlyCount "156"]
[EventDate "2017.12.16"]
[EventType "swiss (rapid)"]
[EventRounds "11"]
[EventCountry "POL"]
[SourceTitle "CBM 182 Extra"]
[Source "ChessBase"]
[SourceDate "2018.02.23"]
[SourceVersion "1"]
[SourceVersionDate "2018.02.23"]
[SourceQuality "1"]

1. e4 c5 2. Nf3 d6 3. d4 cxd4 4. Nxd4 Nf6 5. Nc3 a6 6. f3 e6 7. Be3 h5 8. Bc4
Be7 9. a4 Nc6 10. O-O d5 11. exd5 exd5 12. Ba2 O-O 13. Qd2 Be6 14. Nce2 Nxd4
15. Bxd4 Rc8 16. c3 Bc5 17. Kh1 Bxd4 18. Qxd4 Qc7 19. Nf4 Qc5 20. Qe5 Rfe8 21.
Nxh5 Nxh5 22. Qxh5 Qb6 23. Bxd5 Rc5 24. c4 Bxd5 25. cxd5 Qxb2 26. Rad1 Qe2 27.
Qg5 Qe5 28. Qxe5 Rxe5 29. d6 Re8 30. Rd4 f6 31. h4 Kf7 32. Rb1 b5 33. axb5 axb5
34. Kh2 Rd8 35. Kg3 Rd7 36. Rbd1 Rc6 37. h5 Rb6 38. Kf4 b4 39. Rb1 b3 40. Rd3
b2 41. Rd2 Rbxd6 42. Rxd6 Rxd6 43. Rxb2 Rd4+ 44. Ke3 Rd5 45. g4 Kg8 46. f4 Kh7
47. Rb6 Ra5 48. Rd6 Ra1 49. Ke4 Re1+ 50. Kf5 Rf1 51. Rd8 Ra1 52. Rd5 Ra2 53.
Ke6 Ra6+ 54. Rd6 Ra4 55. Kf5 Ra5+ 56. Ke4 Ra4+ 57. Rd4 Ra5 58. Rd5 Ra4+ 59. Kf5
Ra1 60. g5 fxg5 61. fxg5 Rf1+ 62. Ke6 Ra1 63. Rd8 Re1+ 64. Kf5 Rf1+ 65. Ke5
Re1+ 66. Kf4 Rf1+ 67. Ke3 Re1+ 68. Kf3 Rf1+ 69. Kg2 Rf5 70. g6+ Kh6 71. Rh8+
Kg5 72. Rh7 Ra5 73. Kf3 Ra3+ 74. Ke4 Rh3 75. Rxg7 Rxh5 76. Ke5 Rh6 77. Ke6
Rxg6+ 78. Rxg6+ Kxg6 1/2-1/2

[Event "EU-ch rapid"]
[Site "Katowice"]
[Date "2017.12.17"]
[Round "10"]
[White "Saric, Ivan"]
[Black "Ponomariov, Ruslan"]
[Result "1-0"]
[WhiteElo "2669"]
[BlackElo "2694"]
[PlyCount "97"]
[EventDate "2017.12.16"]
[EventType "swiss (rapid)"]
[EventRounds "11"]
[EventCountry "POL"]
[SourceTitle "CBM 182 Extra"]
[Source "ChessBase"]
[SourceDate "2018.02.23"]
[SourceVersion "1"]
[SourceVersionDate "2018.02.23"]
[SourceQuality "1"]

1. e4 d6 2. d4 Nf6 3. Nc3 g6 4. Be3 c6 5. h3 Nbd7 6. Bd3 e5 7. Nf3 Bg7 8. O-O
O-O 9. Qd2 Re8 10. Rad1 b5 11. dxe5 dxe5 12. a4 a6 13. Ne2 Qe7 14. Ng3 Bb7 15.
a5 c5 16. c4 b4 17. Bh6 Nb8 18. Bxg7 Kxg7 19. Bc2 Ng8 20. Qe3 Bc6 21. Rd2 Ra7
22. Rfd1 Rd7 23. Rd5 Bxd5 24. exd5 Nf6 25. Ba4 Rc8 26. Nxe5 Rdd8 27. Qg5 Kf8
28. Re1 Qd6 29. Re3 Re8 30. Bxe8 Rxe8 31. Qh6+ Kg8 32. Nf5 Qf8 33. Qg5 Nbd7 34.
Nh6+ Kg7 35. Nhxf7 Nxe5 36. Nxe5 Qd6 37. Ng4 Rxe3 38. Qxe3 Nd7 39. Qh6+ Kg8 40.
Qg5 Qf8 41. h4 b3 42. h5 Qe8 43. hxg6 hxg6 44. Nf6+ Nxf6 45. Qxf6 Kh7 46. d6
Qe1+ 47. Kh2 Qd2 48. Qf7+ Kh6 49. d7 1-0